00926nam a2200229 i 4500001000300000100002900003245015700032246007400189250002200263260005100285300002600336500008100362650001500443700002800458700001900486020001500505040000800520041001100528080001800539008004100557856009800598bg1 aFisher, Rogerd(1922- ).10aDochodząc do TAK :bnegocjowanie bez poddawania się /cRoger Fisher, William Ury, Bruce Patton ; przeł. i przedmową opatrzył Robert A. Rządca. iTyt. oryg.:aGetting to yes : negotiating agreement without giving in aWyd. 2 [i. e. 3]. aWarszawa :bPolskie Wydaw. Ekonomiczne,c2000. a255, [1] s. ;c20 cm. aTyt. oryg.: "Getting to yes : negotiating agreement without giving in" 1991. 9aNegocjacje1 aUry, Williamd(1953- ).1 aPatton, Bruce. a832081250X cBPK1 aplhen a65.011:316.47 s pl f |000 0 pol  uhttp://koha.tu.koszalin.pl/cgi-bin/koha/opac-detail.pl?biblionumber=38224yKatalog online BPK